Statystyki dla Państwa najbliższe Norwegii - Jednominutowy sprint

Kliknij tutaj aby rozwiązać quiz!

Ogólne statystyki

  • Ten quiz został rozwiązany 167 razy
  • Średni wynik to 15 z 20

Statystyki odpowiedzi

Odległość (w km)Państwa% Poprawnych
0Finlandia
98%
0Szwecja
98%
110Dania
97%
0Rosja
97%
575Polska
96%
327Niemcy
92%
645Litwa
88%
554Estonia
87%
599Łotwa
85%
293Wielka Brytania
85%
820Francja
74%
494Holandia
74%
973Islandia
74%
734Belgia
71%
847Irlandia
67%
914Białoruś
64%
879Czechy
64%
870Luksemburg
60%
579Wyspy Owcze
31%
446Grenlandia
29%

Rozkład punktacji

Percentyl według liczby udzielonych odpowiedzi

Procent ludzi z każdym wynikiem

Twoja historia wyników

Nie rozwiązałeś tego quizu